Deux nouveaux laboratoires de recherches botaniques en Espagne (Record no. 30342)

MARC details
000 -LEADER
campo de control de longitud fija 00684nam a2200181 i 4500
001 - NÚMERO DE CONTROL
campo de control 30342
003 - IDENTIFICADOR DE NÚMERO DE CONTROL
campo de control ES-MaACL
005 - FECHA Y HORA DE LA ÚLTIMA TRANSACCIÓN
campo de control 20230909063110.0
007 - CAMPO FIJO DE DESCRIPCIÓN FÍSICA--INFORMACIÓN GENERAL
campo de control de longitud fija t|
008 - DATOS DE LONGITUD FIJA--INFORMACIÓN GENERAL
campo de control de longitud fija 030124q1914 sp ||||1| fre d
100 1# - ENTRADA PRINCIPAL--NOMBRE DE PERSONA
Nombre de persona Barras de Aragón, Francisco de las,
Fechas asociadas al nombre 1869-1955
9 (RLIN) 25859
245 10 - MENCIÓN DEL TÍTULO
Título Deux nouveaux laboratoires de recherches botaniques en Espagne
Resto del título : influence scientifique de M. Le Proffeseur Gaston Bonnier en dehors de la France /
Mención de responsabilidad, etc. Francisco de las Barras de Aragón.
260 ## - PUBLICACIÓN, DISTRIBUCIÓN, ETC.
Lugar de publicación, distribución, etc. [S.l. :
Nombre del editor, distribuidor, etc. s.n.,
Fecha de publicación, distribución, etc. 1914?]
300 ## - DESCRIPCIÓN FÍSICA
Extensión 8 p. ;
Dimensiones 25 cm.
500 ## - NOTA GENERAL
Nota general Es separata de: Revue générale de Botanique, 1914.
852 ## - LOCALIZACIÓN
Ubicación ES-MaACL
Número de control de estantería 1604-F-5
Holdings
Estatus retirado Estado de pérdida Estado de daño No para préstamo Colección Biblioteca de origen Biblioteca actual Ubicación en estantería Fecha de adquisición Fuente de adquisición Total de préstamos Signatura topográfica completa Código de barras Visto por última vez Precio de reemplazo Tipo de ítem Koha
        Colección de folletos Biblioteca del Ateneo de Madrid Biblioteca del Ateneo de Madrid Depósito folletos 17/01/2008     1604-F-5 1031323 23/02/2023 23/02/2023 Folleto